[Event "FIN-chT1A 1617"]
[Site "Finland"]
[Date "2017.02.05"]
[Round "7.3"]
[White "Sorvari, Jarmo"]
[Black "Lehti, Juhani"]
[Result "1/2-1/2"]
[WhiteElo "2070"]
[BlackElo "2185"]
[PlyCount "72"]
[EventDate "2016.09.17"]
[EventType "team-tourn"]
[EventRounds "7"]
[EventCountry "FIN"]
[SourceTitle "EXT 2019"]
[Source "ChessBase"]
[SourceDate "2018.10.10"]
[SourceVersion "1"]
[SourceVersionDate "2018.10.10"]
[SourceQuality "1"]
[WhiteTeam "Tampere Tammer II"]
[BlackTeam "Helsinki SSK"]
[WhiteTeamCountry "FIN"]
[BlackTeamCountry "FIN"]

1. d4 d5 2. Bf4 e6 3. e3 Bd6 4. Bg3 Nf6 5. Nd2 c5 6. c3 c4 7. Bh4 Be7 8. Qc2 Nc6 9. Ngf3 b5 10. Be2 Bb7 11. 0-0 0-0 12. b3 Qc7 13. bxc4 bxc4 14. Rab1 Rab8 15. Bg3 Bd6 16. Bxd6 Qxd6 17. Rb2 Ba8 18. Rfb1 Qa3 19. Rxb8 Rxb8 20. Rxb8+ Nxb8 21. Ne5 Nbd7 22. Nxd7 Nxd7 23. Bf3 Nb6 24. Nb1 Qa5 25. Qb2 Bc6 26. g3 h6 27. Bd1 Ba4 28. Bf3 Bc6 29. Bd1 Qb5 30. Qxb5 Bxb5 31. Kf1 Ba4 32. Ke1 Kf8 33. Kd2 Bxd1 34. Kxd1 Ke7 35. Kc2 g5 36. h3 Kd6 1/2-1/2

[Event "FIN-chT1A 1617"]
[Site "Finland"]
[Date "2016.09.17"]
[Round "1.3"]
[White "Lehti, Juhani"]
[Black "Haataja, Riku"]
[Result "0-1"]
[WhiteElo "2185"]
[BlackElo "2128"]
[PlyCount "134"]
[EventDate "2016.09.17"]
[EventType "team-tourn"]
[EventRounds "7"]
[EventCountry "FIN"]
[SourceTitle "EXT 2019"]
[Source "ChessBase"]
[SourceDate "2018.10.10"]
[SourceVersion "1"]
[SourceVersionDate "2018.10.10"]
[SourceQuality "1"]
[WhiteTeam "Helsinki SSK"]
[BlackTeam "Raahe Li"]
[WhiteTeamCountry "FIN"]
[BlackTeamCountry "FIN"]

1. e4 e6 2. d4 d5 3. Nc3 Bb4 4. exd5 exd5 5. a3 Be7 6. Nf3 Nf6 7. Bd3 Bg4 8. h3 Bh5 9. g4 Bg6 10. Ne5 Bxd3 11. Qxd3 c6 12. Bf4 0-0 13. h4 Nbd7 14. f3 Nxe5 15. dxe5 Nd7 16. 0-0-0 Nc5 17. Qd2 Ne6 18. Bg3 b5 19. Na2 a5 20. f4 b4 21. a4 b3 22. Nc3 Bb4 23. f5 Nc5 24. Qg5 Bxc3 25. Qxd8 Rfxd8 26. bxc3 Nxa4 27. cxb3 Nxc3 28. Rd3 Ne2+ 29. Kd2 Nxg3 30. Rxg3 c5 31. Rc1 c4 32. Rgc3 Rab8 33. bxc4 dxc4+ 34. Ke3 Rb5 35. Rxc4 Rxe5+ 36. Re4 Rxe4+ 37. Kxe4 Ra8 38. Ra1 a4 39. Ra3 Kf8 40. g5 Ke7 41. Ke5 Ra5+ 42. Kf4 Kd6 43. g6 fxg6 44. fxg6 h5 45. Ke4 Ke6 46. Kf4 Kf6 47. Ke4 Kxg6 48. Rg3+ Kf6 49. Rf3+ Ke6 50. Ra3 g5 51. hxg5 Rxg5 52. Kf4 Rg4+ 53. Kf3 Rb4 54. Kg2 Kd5 55. Rf3 h4 56. Rd3+ Rd4 57. Rc3 Rc4 58. Rd3+ Kc5 59. Rd8 a3 60. Ra8 Kb4 61. Kh3 Kb3 62. Rb8+ Rb4 63. Rf8 a2 64. Rf3+ Kb2 65. Rf2+ Ka3 66. Rf1 Rb1 67. Rf3+ Rb3 0-1

[Event "FIN-chT1B 1516"]
[Site "Finland"]
[Date "2016.01.09"]
[Round "5.2"]
[White "Lehti, Juhani"]
[Black "Chernyak, Viktoria"]
[Result "1/2-1/2"]
[WhiteElo "2205"]
[BlackElo "2188"]
[PlyCount "54"]
[EventDate "2015.09.12"]
[EventType "team-tourn"]
[EventRounds "8"]
[EventCountry "FIN"]
[SourceTitle "EXT 2017"]
[Source "ChessBase"]
[SourceDate "2016.10.25"]
[SourceVersion "1"]
[SourceVersionDate "2016.10.25"]
[SourceQuality "1"]
[WhiteTeam "Helsinki SSK"]
[BlackTeam "Mikkeli SK"]
[WhiteTeamCountry "FIN"]
[BlackTeamCountry "FIN"]

1. e4 c5 2. Nf3 Nc6 3. d4 cxd4 4. Nxd4 g6 5. c4 Bg7 6. Be3 Nf6 7. Nc3 Ng4 8. Qxg4 Nxd4 9. Qd1 e5 10. Nb5 0-0 11. Bxd4 exd4 12. Bd3 d6 13. 0-0 a6 14. Na3 Bd7 15. Nc2 Re8 16. Nb4 Rb8 17. Rc1 Bc6 18. Nd5 Bxd5 19. cxd5 Qb6 20. Qb3 Qxb3 21. axb3 Bf6 22. Rc7 Rec8 23. Rfc1 Rxc7 24. Rxc7 Kf8 25. Kf1 Ke8 26. Ke2 Bd8 27. Rc4 Bf6 1/2-1/2

[Event "FIN-chT1 East 1314"]
[Site "Finland"]
[Date "2013.11.03"]
[Round "4.1"]
[White "Lehti, Juhani"]
[Black "Yrjola, Jouni"]
[Result "1/2-1/2"]
[WhiteElo "2237"]
[BlackElo "2364"]
[PlyCount "48"]
[EventDate "2013.09.21"]
[EventType "team-tourn"]
[EventRounds "9"]
[EventCountry "FIN"]
[SourceTitle "EXT 2022"]
[Source "ChessBase"]
[SourceDate "2021.10.06"]
[SourceVersion "1"]
[SourceVersionDate "2021.10.06"]
[SourceQuality "1"]
[WhiteTeam "Helsinki SSK"]
[BlackTeam "Helsinki KS 58"]
[WhiteTeamCountry "FIN"]
[BlackTeamCountry "FIN"]

1. e4 c5 2. Nf3 d6 3. d4 cxd4 4. Nxd4 Nf6 5. Nc3 a6 6. Be2 e6 7. 0-0 Be7 8. Be3 Qc7 9. f4 0-0 10. Qe1 b5 11. e5 Ne8 12. Qg3 Bb7 13. Bd3 dxe5 14. fxe5 g6 15. Ne4 Nd7 16. Bh6 Qxe5 17. Qxe5 Nxe5 18. Bxf8 Bxf8 19. Nb3 Rc8 20. Rae1 Nxd3 21. cxd3 Bd5 22. Rc1 Rd8 23. Nbc5 a5 24. b3 Bh6 1/2-1/2

[Event "FIN-chT1 East 1314"]
[Site "Finland"]
[Date "2013.09.21"]
[Round "1"]
[White "Lehti, Juhani"]
[Black "Puranen, Jukka"]
[Result "1/2-1/2"]
[WhiteElo "2237"]
[BlackElo "2245"]
[PlyCount "82"]
[EventDate "2013.09.21"]
[EventType "team-tourn"]
[EventRounds "9"]
[EventCountry "FIN"]
[SourceTitle "EXT 2015"]
[Source "ChessBase"]
[SourceDate "2014.11.20"]
[SourceVersion "1"]
[SourceVersionDate "2014.11.20"]
[SourceQuality "1"]
[WhiteTeam "Helsinki SSK"]
[BlackTeam "Kotka KymS"]
[WhiteTeamCountry "FIN"]
[BlackTeamCountry "FIN"]

1. e4 Nf6 2. e5 Nd5 3. d4 d6 4. c4 Nb6 5. exd6 exd6 6. Nc3 Be7 7. Bd3 0-0 8. Nge2 Nc6 9. 0-0 Bf6 10. b3 Re8 11. Be3 Bg4 12. Qd2 d5 13. c5 Nc8 14. h3 Bxe2 15. Nxe2 N8e7 16. b4 Qd7 17. b5 Nd8 18. Qc2 g6 19. a4 Bg7 20. a5 a6 21. c6 bxc6 22. bxa6 Ne6 23. Rab1 Nf5 24. Bxf5 gxf5 25. Qd3 Qd6 26. g3 c5 27. dxc5 Qxa6 28. Rfd1 c6 29. Rb6 Qxd3 30. Rxd3 d4 31. Nxd4 Bxd4 32. Rxd4 Nxd4 33. Bxd4 Rxa5 34. Rxc6 Ra4 35. Rd6 Rc4 36. Kg2 Kf8 37. Be3 Re6 38. Rd5 Rf6 39. Bg5 Rc6 40. Be3 Rf6 41. Bg5 Rc6 1/2-1/2

[Event "FIN-chT1 East 1213"]
[Site "Finland"]
[Date "2013.02.09"]
[Round "6.2"]
[White "Lehti, Juhani"]
[Black "Nippula, Timo"]
[Result "1-0"]
[WhiteElo "2224"]
[BlackElo "2224"]
[PlyCount "67"]
[EventDate "2012.09.29"]
[EventType "team-tourn"]
[EventRounds "7"]
[EventCountry "FIN"]
[SourceTitle "EXT 2019"]
[Source "ChessBase"]
[SourceDate "2018.10.10"]
[SourceVersion "1"]
[SourceVersionDate "2018.10.10"]
[SourceQuality "1"]
[WhiteTeam "Helsinki SSK"]
[BlackTeam "Kotka KymS"]
[WhiteTeamCountry "FIN"]
[BlackTeamCountry "FIN"]

1. e4 e5 2. Nc3 Nf6 3. g3 d5 4. exd5 c6 5. dxc6 Nxc6 6. Bg2 Bc5 7. Nge2 h5 8. h3 Be6 9. d3 Qd7 10. Be3 Nd4 11. Bxd4 exd4 12. Ne4 Nxe4 13. dxe4 0-0 14. c3 d3 15. Nf4 Rad8 16. Qd2 h4 17. g4 Qa4 18. 0-0 Qc2 19. Rfd1 Bd6 20. Nd5 Bxd5 21. exd5 Qa4 22. b3 Qe8 23. Re1 Qb5 24. c4 Qb4 25. Qxd3 Rfe8 26. Re4 Rxe4 27. Bxe4 Re8 28. Kg2 a5 29. Rd1 Kf8 30. Rd2 Rxe4 31. a3 Rxg4+ 32. hxg4 Qxa3 33. Re2 Qa1 34. Qh7 1-0

[Event "FIN-chT 1112"]
[Site "Finland"]
[Date "2012.03.10"]
[Round "10.2"]
[White "Lehti, Juhani"]
[Black "Vinke, Dietmar"]
[Result "1/2-1/2"]
[WhiteElo "2233"]
[BlackElo "2218"]
[PlyCount "78"]
[EventDate "2011.09.17"]
[EventType "team-tourn"]
[EventRounds "11"]
[EventCountry "FIN"]
[SourceTitle "EXT 2013"]
[Source "ChessBase"]
[SourceDate "2012.11.22"]
[SourceVersion "1"]
[SourceVersionDate "2012.11.22"]
[SourceQuality "1"]
[WhiteTeam "Helsinki SSK"]
[BlackTeam "Oulu OSS"]
[WhiteTeamCountry "FIN"]
[BlackTeamCountry "FIN"]

1. e4 c6 2. c4 d5 3. exd5 cxd5 4. cxd5 Nf6 5. Nc3 g6 6. Nf3 Bg7 7. Bb5+ Nbd7 8. 0-0 0-0 9. d6 exd6 10. d4 a6 11. Bc4 b5 12. Bb3 Bb7 13. Re1 Nb6 14. Ng5 b4 15. Nce4 Nfd5 16. Qd3 Qd7 17. Bd2 a5 18. Qg3 h6 19. Nh3 Rad8 20. Qh4 f5 21. Ng3 Rde8 22. Bxh6 Rxe1+ 23. Rxe1 Re8 24. Rxe8+ Qxe8 25. Be3 a4 26. Bxd5+ Nxd5 27. Nf1 a3 28. bxa3 bxa3 29. Qg3 Nc3 30. Nf4 Nxa2 31. Bd2 Qf7 32. Qxa3 g5 33. d5 gxf4 34. Qxa2 Bxd5 35. Qa5 f3 36. Qd8+ Kh7 37. Qh4+ Kg8 38. Qd8+ Kh7 39. Qh4+ Kg8 1/2-1/2

[Event "FIN-chT 1112"]
[Site "Finland"]
[Date "2011.11.19"]
[Round "5.3"]
[White "Lehti, Juhani"]
[Black "Jouhki, Yrjo Markus"]
[Result "1/2-1/2"]
[WhiteElo "2233"]
[BlackElo "2282"]
[PlyCount "26"]
[EventDate "2011.09.17"]
[EventType "team-tourn"]
[EventRounds "11"]
[EventCountry "FIN"]
[SourceTitle "EXT 2013"]
[Source "ChessBase"]
[SourceDate "2012.11.22"]
[SourceVersion "1"]
[SourceVersionDate "2012.11.22"]
[SourceQuality "1"]
[WhiteTeam "Helsinki SSK"]
[BlackTeam "Joensuu SK"]
[WhiteTeamCountry "FIN"]
[BlackTeamCountry "FIN"]

1. e4 e5 2. Nf3 Nc6 3. Bb5 a6 4. Ba4 d6 5. c3 Bd7 6. d4 Nge7 7. Ng5 h6 8. Qh5 g6 9. Bb3 d5 10. Qh4 Bg7 11. Nf3 dxe4 12. Nxe5 Nxe5 13. dxe5 Bc6 1/2-1/2

[Event "FIN-chT1A 1011"]
[Site "Finland"]
[Date "2011.02.13"]
[Round "8.3"]
[White "Lehti, Juhani"]
[Black "Von Wright, Aarne"]
[Result "1-0"]
[WhiteElo "2224"]
[BlackElo "2029"]
[PlyCount "93"]
[EventDate "2010.09.18"]
[EventType "team-tourn"]
[EventRounds "9"]
[EventCountry "FIN"]
[SourceTitle "EXT 2022"]
[Source "ChessBase"]
[SourceDate "2021.10.06"]
[SourceVersion "1"]
[SourceVersionDate "2021.10.06"]
[SourceQuality "1"]
[WhiteTeam "Helsinki SSK"]
[BlackTeam "Jyvaskyla JyS"]
[WhiteTeamCountry "FIN"]
[BlackTeamCountry "FIN"]

1. e4 Nf6 2. e5 Nd5 3. d4 d6 4. c4 Nb6 5. exd6 exd6 6. Nc3 Be7 7. Nf3 Bg4 8. h3 Bh5 9. Be3 0-0 10. b3 Re8 11. Be2 Nc6 12. 0-0 Bf6 13. Qd2 d5 14. c5 Nc8 15. a3 h6 16. b4 a6 17. Rfb1 N8e7 18. Ne5 Bxe2 19. Nxc6 bxc6 20. Nxe2 Nf5 21. Rb3 Re4 22. Re1 Qe7 23. Nc3 Re6 24. Rf1 Re8 25. Nd1 Re4 26. Rd3 g5 27. g4 Nh4 28. f3 Re6 29. Bf2 Re2 30. Qc3 Ng6 31. Re3 Rxe3 32. Bxe3 Nf4 33. Kh2 Qe6 34. Re1 h5 35. Bf2 Ne2 36. Qd2 hxg4 37. hxg4 Kg7 38. Be3 Nf4 39. Kg3 Rh8 40. Bxf4 gxf4+ 41. Kg2 Qc8 42. Qxf4 Rh6 43. Ne3 Rg6 44. Nf5+ Kf8 45. Rh1 Qe6 46. Kf2 Rg5 47. Qxg5 1-0

[Event "FIN-chT1B 0708"]
[Site "Finland"]
[Date "2008.03.08"]
[Round "7.1"]
[White "Vihinen, Teemu"]
[Black "Lehti, Juhani"]
[Result "1-0"]
[WhiteElo "2159"]
[BlackElo "2222"]
[PlyCount "81"]
[EventDate "2007.09.15"]
[EventType "team-tourn"]
[EventRounds "7"]
[EventCountry "FIN"]
[SourceTitle "EXT 2022"]
[Source "ChessBase"]
[SourceDate "2021.10.06"]
[SourceVersion "1"]
[SourceVersionDate "2021.10.06"]
[SourceQuality "1"]
[WhiteTeam "Vantaa EtVaS II"]
[BlackTeam "Helsinki SSK"]
[WhiteTeamCountry "FIN"]
[BlackTeamCountry "FIN"]

1. e4 e5 2. Nf3 Nc6 3. Bb5 Nf6 4. d4 exd4 5. 0-0 Be7 6. Re1 0-0 7. e5 Nd5 8. Nxd4 Nxd4 9. Qxd4 c6 10. Bc4 Nc7 11. Nc3 d5 12. exd6 Bxd6 13. Rd1 Be7 14. Bxf7+ Kxf7 15. Qf4+ Kg8 16. Rxd8 Bxd8 17. Qg3 Ne6 18. Be3 Bc7 19. Qh4 Nf4 20. Ne4 Ng6 21. Qh5 Bf5 22. Nc5 b6 23. Nd3 Rad8 24. Rd1 Rd5 25. Ne1 Rfd8 26. Rxd5 Rxd5 27. Qe2 Ne5 28. h3 h6 29. c3 Nd3 30. Bd4 Nxe1 31. Qe8+ Kh7 32. Qf7 Be5 33. Qxf5+ Kg8 34. Bxe5 Nd3 35. Qe6+ Kh7 36. Bd4 Nxb2 37. Qxc6 Rg5 38. h4 Rg4 39. f3 Rg6 40. Qe4 h5 41. Qf5 1-0

[Event "Helsinki-chA 0708"]
[Site "Helsinki"]
[Date "2008.01.06"]
[Round "9"]
[White "Hurme, Harri M"]
[Black "Lehti, Juhani"]
[Result "1/2-1/2"]
[WhiteElo "2225"]
[BlackElo "2222"]
[PlyCount "111"]
[EventDate "2007.12.27"]
[EventType "tourn"]
[EventRounds "9"]
[EventCountry "FIN"]
[SourceTitle "EXT 2009"]
[Source "ChessBase"]
[SourceDate "2008.11.26"]
[SourceVersion "1"]
[SourceVersionDate "2008.11.26"]
[SourceQuality "1"]

1. d4 d5 2. c4 e6 3. Nc3 Nf6 4. Bg5 Be7 5. e3 0-0 6. Nf3 h6 7. Bh4 b6 8. Bd3 Bb7 9. cxd5 Nxd5 10. Bg3 c5 11. 0-0 cxd4 12. exd4 Nd7 13. Qe2 N7f6 14. Rac1 Nb4 15. Bc4 Rc8 16. Rfd1 Nbd5 17. Ba6 Nxc3 18. bxc3 Bxa6 19. Qxa6 Ne4 20. Qd3 Nxg3 21. hxg3 Qc7 22. c4 Rfd8 23. Ne5 Bf6 24. f4 Bxe5 25. fxe5 Qe7 26. Kh2 Rc7 27. Rc2 Qg5 28. Qe2 h5 29. Qe4 Rdc8 30. Rdc1 Qe7 31. Kh3 g6 32. g4 hxg4+ 33. Kxg4 Kg7 34. g3 Rh8 35. Rh1 Rcc8 36. Rxh8 Rxh8 37. Kf3 Qg5 38. Qf4 Qh5+ 39. Ke3 Qf5 40. Qxf5 gxf5 41. d5 f6 42. Kf4 Kf7 43. dxe6+ Kxe6 44. exf6 Rg8 45. c5 Rg4+ 46. Kf3 bxc5 47. f7 Kxf7 48. Rxc5 Kf6 49. Ra5 Rg7 50. a4 Rc7 51. Rb5 Rc3+ 52. Kg2 Rc7 53. a5 Kg5 54. Rd5 Rc2+ 55. Kh3 Ra2 56. Rc5 1/2-1/2

[Event "Helsinki-chA 0708"]
[Site "Helsinki"]
[Date "2008.01.05"]
[Round "8"]
[White "Lehti, Juhani"]
[Black "Haanpaa, Jorma"]
[Result "1-0"]
[WhiteElo "2222"]
[BlackElo "2093"]
[PlyCount "41"]
[EventDate "2007.12.27"]
[EventType "tourn"]
[EventRounds "9"]
[EventCountry "FIN"]
[SourceTitle "EXT 2009"]
[Source "ChessBase"]
[SourceDate "2008.11.26"]
[SourceVersion "1"]
[SourceVersionDate "2008.11.26"]
[SourceQuality "1"]

1. e4 g6 2. d4 Bg7 3. Nc3 c6 4. Be3 d5 5. Qd2 h5 6. 0-0-0 Nh6 7. h3 dxe4 8. Nxe4 Nf5 9. Bc4 Nxe3 10. fxe3 a5 11. a3 Na6 12. Nf3 e6 13. g4 Nc7 14. Qf2 Qe7 15. Ne5 Nd5 16. Nd6+ Qxd6 17. Qxf7+ Kd8 18. Qxg7 Rf8 19. Rhf1 Rxf1 20. Rxf1 Ne7 21. Nf7+ 1-0

[Event "Helsinki-chA 0708"]
[Site "Helsinki"]
[Date "2008.01.01"]
[Round "6"]
[White "Lehti, Juhani"]
[Black "Salimaki, Janne"]
[Result "1/2-1/2"]
[WhiteElo "2222"]
[BlackElo "2181"]
[PlyCount "73"]
[EventDate "2007.12.27"]
[EventType "tourn"]
[EventRounds "9"]
[EventCountry "FIN"]
[SourceTitle "EXT 2009"]
[Source "ChessBase"]
[SourceDate "2008.11.26"]
[SourceVersion "1"]
[SourceVersionDate "2008.11.26"]
[SourceQuality "1"]

1. e4 e5 2. Nc3 Nf6 3. f4 d5 4. fxe5 Nxe4 5. d3 Nxc3 6. bxc3 Nc6 7. Nf3 d4 8. cxd4 Nxd4 9. c3 Nxf3+ 10. Qxf3 Qh4+ 11. g3 Qg4 12. Bg2 Qxf3 13. Bxf3 c6 14. Be3 Be6 15. Ke2 a6 16. Bb6 Be7 17. Rhb1 Rc8 18. a4 0-0 19. a5 Rce8 20. Kd2 Bc8 21. Re1 f6 22. exf6 Bxf6 23. Bc5 Bg5+ 24. Kc2 Rxe1 25. Rxe1 Rd8 26. Be4 Bd7 27. d4 Re8 28. Rf1 Bh3 29. Rf2 Be3 30. Rf3 Bg2 31. Rxe3 Rxe4 32. Rxe4 Bxe4+ 33. Kb3 Kf7 34. Kb4 g6 35. Bd6 Ke6 36. Kc5 h5 37. Bf4 1/2-1/2

[Event "Helsinki-chA 0708"]
[Site "Helsinki"]
[Date "2007.12.28"]
[Round "2"]
[White "Sanchez, Juan1111"]
[Black "Lehti, Juhani"]
[Result "1/2-1/2"]
[WhiteElo "2038"]
[BlackElo "2222"]
[PlyCount "91"]
[EventDate "2007.12.27"]
[EventType "tourn"]
[EventRounds "9"]
[EventCountry "FIN"]
[SourceTitle "EXT 2009"]
[Source "ChessBase"]
[SourceDate "2008.11.26"]
[SourceVersion "1"]
[SourceVersionDate "2008.11.26"]
[SourceQuality "1"]

1. d4 d5 2. c4 e6 3. Nc3 Nf6 4. Nf3 Nbd7 5. Bg5 c6 6. e3 Qa5 7. Nd2 Bb4 8. Qc2 0-0 9. Bxf6 Nxf6 10. Bd3 b6 11. 0-0 dxc4 12. Nxc4 Qh5 13. f4 Ng4 14. h3 Nf6 15. a3 Bxc3 16. bxc3 Ba6 17. Ne5 Bxd3 18. Qxd3 Rac8 19. f5 Rfe8 20. e4 Qh4 21. Rae1 exf5 22. exf5 Nd5 23. Re4 Qe7 24. f6 Nxf6 25. Rh4 h6 26. Rhf4 Kh8 27. Rxf6 gxf6 28. Qd2 Kg7 29. Ng4 Rh8 30. Rxf6 Qxf6 31. Nxf6 Kxf6 32. Qf4+ Ke7 33. Qe5+ Kd7 34. c4 Rce8 35. Qf5+ Ke7 36. c5 Rhg8 37. Qe5+ Kf8 38. Qd6+ Kg7 39. Qxc6 bxc5 40. dxc5 Re1+ 41. Kf2 Rge8 42. Qf3 R1e6 43. Qc3+ Rf6+ 44. Kg1 Ree6 45. Qd4 a6 46. Qc3 1/2-1/2

[Event "Helsinki-chA 0708"]
[Site "Helsinki"]
[Date "2007.12.27"]
[Round "1"]
[White "Lehti, Juhani"]
[Black "Kiuttu, Roope"]
[Result "1/2-1/2"]
[WhiteElo "2222"]
[BlackElo "2007"]
[PlyCount "70"]
[EventDate "2007.12.27"]
[EventType "tourn"]
[EventRounds "9"]
[EventCountry "FIN"]
[SourceTitle "EXT 2009"]
[Source "ChessBase"]
[SourceDate "2008.11.26"]
[SourceVersion "1"]
[SourceVersionDate "2008.11.26"]
[SourceQuality "1"]

1. e4 c5 2. Nf3 e6 3. d4 cxd4 4. Nxd4 Nc6 5. Nc3 Qc7 6. Be2 a6 7. 0-0 Nf6 8. Be3 Bb4 9. Nxc6 bxc6 10. Qd4 c5 11. Qc4 Bb7 12. Bf3 d6 13. a3 Bxc3 14. Qxc3 Nxe4 15. Bxe4 Bxe4 16. b4 0-0 17. Rfd1 Qb7 18. f3 cxb4 19. Qxb4 Qxb4 20. axb4 Bd5 21. c4 Bxc4 22. Rxd6 Rfd8 23. Rad1 Bd5 24. Rxd8+ Rxd8 25. Bc5 f6 26. Kf2 Kf7 27. Ke3 e5 28. Bb6 Rd7 29. Rc1 Ke6 30. Rc7 Rxc7 31. Bxc7 g5 32. g4 f5 33. gxf5+ Kxf5 34. Bb8 h5 35. Bc7 e4 1/2-1/2

[Event "FIN-chT1B 0708"]
[Site "Finland"]
[Date "2007.11.18"]
[Round "4.1"]
[White "Puranen, Jukka"]
[Black "Lehti, Juhani"]
[Result "0-1"]
[WhiteElo "2267"]
[BlackElo "2222"]
[PlyCount "34"]
[EventDate "2007.09.15"]
[EventType "team-tourn"]
[EventRounds "7"]
[EventCountry "FIN"]
[SourceTitle "EXT 2022"]
[Source "ChessBase"]
[SourceDate "2021.10.06"]
[SourceVersion "1"]
[SourceVersionDate "2021.10.06"]
[SourceQuality "1"]
[WhiteTeam "Kuusankoski PoKS"]
[BlackTeam "Helsinki SSK"]
[WhiteTeamCountry "FIN"]
[BlackTeamCountry "FIN"]

1. d4 d5 2. Nf3 Nf6 3. e3 e6 4. Bd3 b6 5. Qe2 Bd6 6. b3 0-0 7. 0-0 Bb7 8. Nbd2 Nc6 9. Bb2 Nb4 10. Ne5 a5 11. f4 a4 12. a3 Nxd3 13. Nxd3 axb3 14. cxb3 Ne4 15. Rfc1 Ba6 16. b4 Qh4 17. Nf3 Bxd3 0-1

[Event "FIN-chT1B 0708"]
[Site "Finland"]
[Date "2007.09.??"]
[Round "3.2"]
[White "Lehti, Juhani"]
[Black "Honkanen, Marko"]
[Result "1-0"]
[WhiteElo "2222"]
[BlackElo "2069"]
[PlyCount "37"]
[EventDate "2007.09.15"]
[EventType "team-tourn"]
[EventRounds "7"]
[EventCountry "FIN"]
[SourceTitle "EXT 2022"]
[Source "ChessBase"]
[SourceDate "2021.10.06"]
[SourceVersion "1"]
[SourceVersionDate "2021.10.06"]
[SourceQuality "1"]
[WhiteTeam "Helsinki SSK"]
[BlackTeam "Helsinki KapSK"]
[WhiteTeamCountry "FIN"]
[BlackTeamCountry "FIN"]

1. e4 e6 2. d4 d5 3. Nd2 Nf6 4. e5 Nfd7 5. Ngf3 c5 6. c3 Nc6 7. Bd3 cxd4 8. cxd4 Qb6 9. Nb3 a5 10. a4 Bb4+ 11. Kf1 f6 12. Be3 Be7 13. Rc1 0-0 14. h4 h6 15. Bb5 Qc7 16. Qc2 fxe5 17. Qg6 Rf6 18. Qe8+ Rf8 19. Qxe7 1-0

[Event "Helsinki-ch"]
[Site "Helsinki"]
[Date "2007.??.??"]
[Round "6"]
[White "Lehti, Juhani"]
[Black "Haanpaa, Jorma"]
[Result "1/2-1/2"]
[WhiteElo "2181"]
[BlackElo "2089"]
[PlyCount "120"]
[EventDate "2006.12.??"]
[EventType "swiss"]
[EventRounds "9"]
[EventCountry "FIN"]
[SourceTitle "EXT 2008"]
[Source "ChessBase"]
[SourceDate "2007.11.25"]
[SourceVersion "1"]
[SourceVersionDate "2007.11.25"]
[SourceQuality "1"]

1. e4 g6 2. d4 Bg7 3. Nf3 c6 4. Bd3 d5 5. e5 h5 6. Qe2 Nh6 7. c3 e6 8. 0-0 Nd7 9. b3 c5 10. Ba3 Qc7 11. Rc1 b6 12. c4 dxc4 13. Bxc4 Bb7 14. Nc3 0-0 15. Nb5 Qb8 16. Bd3 a6 17. Nc3 Re8 18. Ne4 cxd4 19. Bd6 Qd8 20. Rc7 Bd5 21. Rac1 Nf5 22. Neg5 Nxd6 23. exd6 Bxf3 24. Nxf3 Nc5 25. Rc6 e5 26. Be4 Rb8 27. b4 Nxe4 28. Qxe4 Re6 29. Qd5 d3 30. d7 Rxc6 31. Rxc6 Qf8 32. Nxe5 Bxe5 33. Qxe5 Rd8 34. Rd6 Qg7 35. Qxg7+ Kxg7 36. Kf1 Kf8 37. Ke1 Ke7 38. Rxb6 Rxd7 39. Kd2 Rd4 40. g3 h4 41. f4 a5 42. bxa5 Ra4 43. a6 Rxa2+ 44. Kxd3 Rxh2 45. a7 Ra2 46. Rb7+ Ke6 47. gxh4 f6 48. Ke4 Ra4+ 49. Kf3 Kf5 50. Rb5+ Ke6 51. f5+ gxf5 52. Rb7 Ra3+ 53. Kf2 Ra2+ 54. Ke3 Ra3+ 55. Ke2 Ra2+ 56. Ke1 Ra1+ 57. Kd2 Ra2+ 58. Kd3 Ra3+ 59. Kc4 f4 60. Kb5 f3 1/2-1/2

[Event "Helsinki-ch"]
[Site "Helsinki"]
[Date "2007.??.??"]
[Round "7"]
[White "Munukka, Timo"]
[Black "Lehti, Juhani"]
[Result "0-1"]
[WhiteElo "2008"]
[BlackElo "2181"]
[PlyCount "62"]
[EventDate "2006.12.??"]
[EventType "swiss"]
[EventRounds "9"]
[EventCountry "FIN"]
[SourceTitle "EXT 2008"]
[Source "ChessBase"]
[SourceDate "2007.11.25"]
[SourceVersion "1"]
[SourceVersionDate "2007.11.25"]
[SourceQuality "1"]

1. d4 d5 2. c4 e6 3. Nc3 Nf6 4. Nf3 Nbd7 5. cxd5 exd5 6. e3 c6 7. Bd3 Bd6 8. 0-0 0-0 9. Rb1 Qe7 10. Qc2 Re8 11. a3 a5 12. Bf5 g6 13. Bh3 Ne4 14. g3 Ndf6 15. Bxc8 Raxc8 16. Nxe4 dxe4 17. Nh4 c5 18. Qa4 Ng4 19. Qxa5 Nxh2 20. Kxh2 Qxh4+ 21. Kg2 Qg4 22. Qa4 Qf3+ 23. Kg1 cxd4 24. exd4 e3 25. Bxe3 Rxe3 26. Qd7 Rc6 27. Qxb7 Re2 28. Rbc1 Bxg3 29. Qxc6 Bxf2+ 30. Kh2 Qg3+ 31. Kh1 Qh3# 0-1

[Event "FIN-chT1A 0607"]
[Site "Finland"]
[Date "2006.09.16"]
[Round "1.2"]
[White "Lehti, Juhani"]
[Black "Heino, Juha"]
[Result "1-0"]
[WhiteElo "2181"]
[BlackElo "2111"]
[PlyCount "95"]
[EventDate "2006.09.16"]
[EventType "team-tourn"]
[EventRounds "7"]
[EventCountry "FIN"]
[SourceTitle "EXT 2022"]
[Source "ChessBase"]
[SourceDate "2021.10.06"]
[SourceVersion "1"]
[SourceVersionDate "2021.10.06"]
[SourceQuality "1"]
[WhiteTeam "Helsinki SSK"]
[BlackTeam "Turku SY"]
[WhiteTeamCountry "FIN"]
[BlackTeamCountry "FIN"]

1. e4 e5 2. Nf3 Nc6 3. Bb5 a6 4. Ba4 Nf6 5. 0-0 Be7 6. Re1 0-0 7. Bxc6 dxc6 8. Nxe5 Bc5 9. c3 Re8 10. d4 Bd6 11. Bf4 Nxe4 12. Rxe4 f6 13. Nxc6 bxc6 14. Rxe8+ Qxe8 15. Bxd6 cxd6 16. Nd2 Be6 17. Qe2 Qd7 18. b3 Bf7 19. h3 a5 20. Nc4 Qc7 21. Re1 Kf8 22. Qd3 g6 23. Ne3 f5 24. c4 Re8 25. Qc3 Qb6 26. c5 dxc5 27. dxc5 Qc7 28. Qh8+ Bg8 29. Qf6+ Bf7 30. Rd1 Kg8 31. Rd6 a4 32. bxa4 Qa5 33. Rd7 Rf8 34. Qd4 Re8 35. Nc4 Qe1+ 36. Kh2 Qe6 37. Rd8 Rxd8 38. Qxd8+ Kg7 39. Qd4+ Kg8 40. Ne5 Qxa2 41. Nxc6 Qe6 42. Nd8 Qc4 43. Qxc4 Bxc4 44. c6 Kf8 45. c7 Ba6 46. Nc6 Ke8 47. a5 Bc8 48. Nb8 1-0

[Event "FIN-ch"]
[Site "Helsinki"]
[Date "2006.06.17"]
[Round "8"]
[White "Lehti, Juhani"]
[Black "Luukkonen, Tommi"]
[Result "1-0"]
[WhiteElo "2183"]
[BlackElo "2193"]
[PlyCount "57"]
[EventDate "2006.06.10"]
[EventType "swiss"]
[EventRounds "9"]
[EventCountry "FIN"]
[SourceTitle "CBM 112 Extra"]
[Source "ChessBase"]
[SourceDate "2006.07.14"]
[SourceVersion "1"]
[SourceVersionDate "2006.07.14"]
[SourceQuality "1"]

1. e4 e6 2. d4 d5 3. Nd2 Nf6 4. e5 Nfd7 5. Ngf3 c5 6. c3 Nc6 7. Bd3 Qb6 8. 0-0 Be7 9. dxc5 Nxc5 10. Bc2 0-0 11. Nb3 Nxb3 12. axb3 f5 13. exf6 gxf6 14. Ra4 Rf7 15. Bh6 Qd8 16. Nh4 f5 17. Qh5 b5 18. Rf4 Bxh4 19. Rxh4 e5 20. f4 e4 21. g4 d4 22. b4 Qd5 23. gxf5 Bxf5 24. Qg5+ Kh8 25. Rg4 Qd7 26. Rg3 Bg6 27. f5 Rxf5 28. Rxf5 Qxf5 29. Qxf5 1-0